Enfants de fictions en images - Statistiques

Statistiques générales
  • Ce quiz a été pris 592 fois
  • Le résultat moyen est 7 sur 20
Statistiques - réponses
Par images Réponse % Correct
Lisa Simpson
94%
Ducobu
91%
Mowgli
90%
Sacha Ketchum
84%
Kid Paddle
62%
Sheldon Cooper
55%
Vanellope von Schweetz
47%
Pimprenelle
33%
Nezuko Kamado
31%
Timmy Turner
29%
Anya Forger
24%
Ellie Williams
20%
Mabel Pines
19%
Atreus
13%
Annie
11%
Choco
10%
Demi-Lune
9%
Judith Grimes
9%
Manon Chamak
6%
Elliot
0%
Aucun quiz correspondant
Distribution des résultats
% des personnes avec chaque résultat
Percentile par nombre de réponses
Votre historique - résultats
Vous n’avez pas pris ce quiz